000 00463nam a2200181Ia 4500
001 1215
005 20260306140615.0
008 260306t1953||||xx |||||||||||||| ||spa||
041 _aESP
082 _a189.4
_bB115 T. 2 P. 2
100 _aBañez, Domingo
_eAUT
245 0 _aComentarios inéditos a la tercera parte de Santo Tomás
260 _c1953
300 _apáginas : 506 - 950
_c25 cm.
650 _aGEN
654 _aCHU
942 _cLIB
_dJUS
_fJUS
_2ddc
_n
999 _c1215
_d1215